000 00958nam a22003137a 4500
001 6196
003 FISKH
005 20250327101736.0
008 250327b cb ||||| |||| 00| 0 eng d
020 _a9780307119476
040 _aDLC
_cDLC
_dDLC
_beng
050 _a E185.K5 B347
082 _a323.092
100 1 _aMayer, Mercer
_d(1943-)
245 1 0 _aJust my friend and me /
_cby Mercer Mayer
250 _aThis edition first published in 2003
260 _aLondon :
_bA Golden Book,
_c1988.
300 _a23 pages :
_bcolor illustrations ;
_c21 cm.
490 0 _aA Golden look-look book
505 _aL
520 _aThough playing with a friend can be a great deal of fun, it's good to be alone sometimes too.
521 8 _a530
_bLexile
521 8 _aL
_bRaz-Plus
650 1 _aFriendship
_xFiction.
650 1 _aLittle Critter
_xFriend
906 _a7
_bcbc
_corignew
_d3
_eopcn
_f19
_gy-gencatlg
942 _2ddc
_cBK
999 _c6196
_d6196